[Event "Guarapari Aberta do Estadual"]
[Site "Guarapari"]
[Date "2015.08.28"]
[Round "1.4"]
[White "Abelha, Mozart Rosa"]
[Black "Silva, Claudio Ferreira Da"]
[Result "1-0"]
[WhiteElo "1972"]
[BlackElo "1754"]
[PlyCount "69"]
[EventDate "2015.08.28"]
[EventType "swiss"]
[EventRounds "6"]
[EventCountry "BRA"]
[SourceTitle "EXT 2022"]
[Source "ChessBase"]
[SourceDate "2021.10.06"]
[SourceVersion "1"]
[SourceVersionDate "2021.10.06"]
[SourceQuality "1"]

1. e4 c5 2. Nf3 Nc6 3. d4 cxd4 4. Nxd4 g6 5. c4 Bg7 6. Be3 Nf6 7. Nc3 a6 8. Be2 0-0 9. 0-0 d6 10. Rc1 Ne5 11. f3 Bd7 12. Qd2 Rc8 13. b3 Nc6 14. Nd5 Ne5 15. Kh1 Nxd5 16. exd5 Be8 17. f4 Nd7 18. f5 Nc5 19. fxg6 hxg6 20. Bf3 b6 21. Rcd1 Bd7 22. Rfe1 Be5 23. Bh6 Bg7 24. Qe3 e5 25. dxe6 Nxe6 26. Bxg7 Nxg7 27. Qf4 Qc7 28. Bd5 Be6 29. Nf3 Nh5 30. Qh6 Rce8 31. Bxe6 Rxe6 32. Rxe6 fxe6 33. Qxg6+ Ng7 34. Ng5 Rf5 35. Qh7+ 1-0

[Event "Votoria Cup 2nd"]
[Site "Vitoria"]
[Date "2014.03.23"]
[Round "7"]
[White "Abelha, Mozart Rosa"]
[Black "Peixoto, Helio Ricardo Souti"]
[Result "1/2-1/2"]
[WhiteElo "1981"]
[BlackElo "1918"]
[PlyCount "44"]
[EventDate "2014.03.20"]
[EventType "swiss"]
[EventRounds "7"]
[EventCountry "BRA"]
[SourceTitle "CBM 159 Extra"]
[Source "ChessBase"]
[SourceDate "2014.04.24"]
[SourceVersion "1"]
[SourceVersionDate "2014.04.24"]
[SourceQuality "1"]

1. e4 c5 2. Nf3 d6 3. d4 cxd4 4. Nxd4 Nf6 5. Nc3 a6 6. Be2 e5 7. Nf3 Be7 8. 0-0 0-0 9. Bg5 Be6 10. Bxf6 Bxf6 11. Nd5 Bxd5 12. exd5 Nd7 13. c4 h5 14. Rc1 Nc5 15. b3 e4 16. Nd4 Be5 17. f4 Bxd4+ 18. Qxd4 f5 19. Rc3 Qf6 20. Qxf6 Rxf6 21. Re1 g6 22. Rb1 b6 1/2-1/2

[Event "Votoria Cup 2nd"]
[Site "Vitoria"]
[Date "2014.03.22"]
[Round "4"]
[White "Santos, Marcus Vinicius M"]
[Black "Abelha, Mozart Rosa"]
[Result "1-0"]
[WhiteElo "2316"]
[BlackElo "1981"]
[PlyCount "83"]
[EventDate "2014.03.20"]
[EventType "swiss"]
[EventRounds "7"]
[EventCountry "BRA"]
[SourceTitle "CBM 159 Extra"]
[Source "ChessBase"]
[SourceDate "2014.04.24"]
[SourceVersion "1"]
[SourceVersionDate "2014.04.24"]
[SourceQuality "1"]

1. d4 Nf6 2. c4 g6 3. Nc3 d5 4. cxd5 Nxd5 5. e4 Nxc3 6. bxc3 Bg7 7. Be3 0-0 8. Nf3 c5 9. Qd2 Qa5 10. Rc1 cxd4 11. cxd4 Qxd2+ 12. Nxd2 Nc6 13. Nb3 Bd7 14. Nc5 Bc8 15. d5 Na5 16. Bd2 b6 17. Na6 f5 18. Bb4 Bf6 19. Nc7 Rb8 20. d6 exd6 21. Bxd6 Rd8 22. e5 Nb7 23. Bc4+ Kh8 24. Nb5 Nxd6 25. Nxd6 Rxd6 26. exd6 Bb2 27. Rd1 Bc3+ 28. Ke2 Bd7 29. Rd3 Bb4 30. Re3 f4 31. Re7 Rd8 32. Rd1 a5 33. f3 Ba4 34. Rd4 Rxd6 35. Rxd6 Bxd6 36. Rb7 Bc5 37. Kd3 Be3 38. Bd5 Bg1 39. Ke4 Bc2+ 40. Ke5 Bf5 41. Kf6 Bd4+ 42. Kg5 1-0

[Event "Capixaba-ch"]
[Site "Vitoria"]
[Date "2013.10.??"]
[Round "5"]
[White "Abelha, Mozart Rosa"]
[Black "Cantarino Neto, Mario Ribeiro"]
[Result "0-1"]
[WhiteElo "1993"]
[BlackElo "2151"]
[PlyCount "126"]
[EventDate "2013.10.09"]
[EventType "swiss"]
[EventRounds "7"]
[EventCountry "BRA"]
[SourceTitle "EXT 2022"]
[Source "ChessBase"]
[SourceDate "2021.10.06"]
[SourceVersion "1"]
[SourceVersionDate "2021.10.06"]
[SourceQuality "1"]

1. e4 e5 2. Nf3 Nc6 3. Bb5 a6 4. Ba4 Nf6 5. 0-0 Be7 6. Re1 b5 7. Bb3 d6 8. c3 0-0 9. h3 Bb7 10. d4 Re8 11. Nbd2 Bf8 12. a4 h6 13. Bc2 exd4 14. cxd4 Nb4 15. Bb1 c5 16. d5 Nd7 17. Nf1 f5 18. Bd2 fxe4 19. Bxe4 Rxe4 20. Rxe4 Nxd5 21. Re1 Kh8 22. Qe2 N5f6 23. axb5 axb5 24. Rxa8 Qxa8 25. Nh4 Ne5 26. Bc3 Bxg2 27. Bxe5 Bxf1 28. Rxf1 dxe5 29. Qxe5 Qc8 30. Ng6+ Kg8 31. Nxf8 Kxf8 32. Kh2 Kg8 33. Rg1 Kh7 34. f4 Qc6 35. Qf5+ Kh8 36. Rd1 Qf3 37. Rd8+ Ng8 38. Kg1 Qg3+ 39. Kf1 Qf3+ 40. Ke1 Qe3+ 41. Kd1 Qb3+ 42. Kc1 Qc4+ 43. Kb1 Qf1+ 44. Ka2 Qc4+ 45. b3 Qe2+ 46. Kb1 Qf1+ 47. Kc2 Qe2+ 48. Rd2 Qe3 49. Qd3 Qg1 50. Qe2 Qg6+ 51. Kb2 Qf6+ 52. Qe5 Qc6 53. Qd5 Qc7 54. Qe5 Qc6 55. Rc2 c4 56. Qd4 Qf3 57. bxc4 bxc4 58. Qxc4 Qxh3 59. Rd2 Nf6 60. Rd8+ Kh7 61. Qd3+ Qxd3 62. Rxd3 Kg6 63. Rg3+ Kf7 0-1

[Event "Capixaba-ch"]
[Site "Vitoria"]
[Date "2013.10.??"]
[Round "7"]
[White "Carvalho, Luiz Candido Brant"]
[Black "Abelha, Mozart Rosa"]
[Result "1-0"]
[WhiteElo "1706"]
[BlackElo "1993"]
[PlyCount "40"]
[EventDate "2013.10.09"]
[EventType "swiss"]
[EventRounds "7"]
[EventCountry "BRA"]
[SourceTitle "EXT 2022"]
[Source "ChessBase"]
[SourceDate "2021.10.06"]
[SourceVersion "1"]
[SourceVersionDate "2021.10.06"]
[SourceQuality "1"]

1. c4 Nf6 2. Nc3 g6 3. d4 Bg7 4. e4 d6 5. Nf3 0-0 6. h3 e5 7. d5 Nh5 8. Be2 Nf4 9. Bxf4 exf4 10. Qb3 Nd7 11. Qc2 a5 12. Rb1 Nc5 13. Nd2 f5 14. h4 Bxc3 15. bxc3 Nxe4 16. h5 Qf6 17. hxg6 Qxg6 18. Bf3 Nxd2 19. Qxd2 Qg5 20. 0-0 Bd7 1-0

[Event "Vitoria Cup"]
[Site "Vitoria"]
[Date "2013.05.31"]
[Round "4"]
[White "Abelha, Mozart Rosa"]
[Black "Costa, Carlos Evanir"]
[Result "1/2-1/2"]
[WhiteElo "2001"]
[BlackElo "2237"]
[PlyCount "106"]
[EventDate "2013.05.30"]
[EventType "swiss"]
[EventRounds "7"]
[EventCountry "BRA"]
[SourceTitle "CBM 154 Extra"]
[Source "ChessBase"]
[SourceDate "2013.06.25"]
[SourceVersion "2"]
[SourceVersionDate "2013.06.25"]
[SourceQuality "1"]

1. e4 c5 2. Nf3 e6 3. d4 cxd4 4. Nxd4 Nc6 5. Nc3 Qc7 6. Nxc6 bxc6 7. Bd3 d5 8. exd5 cxd5 9. 0-0 Nf6 10. Re1 Bd7 11. Bg5 Be7 12. Bxf6 gxf6 13. Qe2 Bc6 14. Nb5 Qb6 15. c3 0-0-0 16. a4 Kb8 17. a5 Qb7 18. Nd4 Bd7 19. b4 Qc7 20. Rec1 Qe5 21. Qf1 Bd6 22. g3 f5 23. b5 Bc5 24. Nc6+ Bxc6 25. bxc6 Kc7 26. Rab1 Rb8 27. Rb7+ Kxc6 28. a6 Rxb7 29. axb7 Kxb7 30. Ba6+ Kc7 31. Rb1 Bb6 32. c4 dxc4 33. Qxc4+ Kd7 34. Rc1 Qe4 35. Qc3 Qd4 36. Qf3 Ke7 37. Rd1 Qc5 38. Qf4 f6 39. Rc1 e5 40. Rxc5 exf4 41. Rxf5 fxg3 42. hxg3 Rg8 43. Kg2 Ke6 44. Rh5 Rd8 45. Bc4+ Kd6 46. Rxh7 Kc5 47. Be2 Rd2 48. Kf3 Kb4 49. Rh4+ Ka3 50. Rf4 Rd6 51. Kg4 a5 52. Kf5 Kb3 53. Bc4+ Kb2 1/2-1/2

[Event "Vitoria Cup"]
[Site "Vitoria"]
[Date "2013.05.31"]
[Round "3"]
[White "Torres, Douglas da Silva"]
[Black "Abelha, Mozart Rosa"]
[Result "1/2-1/2"]
[WhiteElo "2106"]
[BlackElo "2001"]
[PlyCount "60"]
[EventDate "2013.05.30"]
[EventType "swiss"]
[EventRounds "7"]
[EventCountry "BRA"]
[SourceTitle "CBM 154 Extra"]
[Source "ChessBase"]
[SourceDate "2013.06.25"]
[SourceVersion "2"]
[SourceVersionDate "2013.06.25"]
[SourceQuality "1"]

1. c4 Nf6 2. Nc3 g6 3. g3 Bg7 4. Bg2 e5 5. Nf3 d6 6. 0-0 0-0 7. Rb1 a5 8. a3 Re8 9. d3 e4 10. Nxe4 Nxe4 11. dxe4 Rxe4 12. Ng5 Re8 13. Qd5 Rf8 14. Rd1 Nc6 15. b4 axb4 16. axb4 Qe7 17. b5 Nd8 18. b6 h6 19. bxc7 Qxc7 20. Ne4 Be6 21. Qxd6 Qxc4 22. Bb2 Bxb2 23. Rxb2 Nc6 24. Nf6+ Kg7 25. Bxc6 Rad8 26. Nh5+ gxh5 27. Qe5+ Kg8 28. Rxd8 Rxd8 29. Bxb7 h4 30. gxh4 Qxh4 1/2-1/2

[Event "Vitoria Cup"]
[Site "Vitoria"]
[Date "2013.05.30"]
[Round "1"]
[White "Pasini Boza, Gustavo"]
[Black "Abelha, Mozart Rosa"]
[Result "0-1"]
[WhiteElo "1854"]
[BlackElo "2001"]
[PlyCount "52"]
[EventDate "2013.05.30"]
[EventType "swiss"]
[EventRounds "7"]
[EventCountry "BRA"]
[SourceTitle "CBM 154 Extra"]
[Source "ChessBase"]
[SourceDate "2013.06.25"]
[SourceVersion "2"]
[SourceVersionDate "2013.06.25"]
[SourceQuality "1"]

1. e4 c5 2. Nf3 Nc6 3. d4 cxd4 4. Nxd4 g6 5. Be3 Bg7 6. Nc3 Nf6 7. Qd2 0-0 8. f3 d5 9. Bd3 dxe4 10. Bxe4 Nxe4 11. Nxc6 Nxd2 12. Nxd8 Nc4 13. Bg5 f6 14. Bf4 e5 15. 0-0-0 exf4 16. Rhe1 Ne3 17. Rd6 Bf5 18. Ne6 Bxe6 19. Rxe6 Rfe8 20. Rxe8+ Rxe8 21. g3 fxg3 22. hxg3 Kf7 23. Ne4 Nc4 24. f4 Bf8 25. b3 Ba3+ 26. Kb1 Nd2+ 0-1

[Event "Vitoria CEAX 1st"]
[Site "Vitoria"]
[Date "2012.03.25"]
[Round "5.1"]
[White "Abelha, Mozart Rosa"]
[Black "Bonfim, Hudson Soares Do"]
[Result "1-0"]
[WhiteElo "1998"]
[BlackElo "1905"]
[PlyCount "27"]
[EventDate "2012.03.24"]
[EventType "swiss"]
[EventRounds "5"]
[EventCountry "BRA"]
[SourceTitle "EXT 2022"]
[Source "ChessBase"]
[SourceDate "2021.10.06"]
[SourceVersion "1"]
[SourceVersionDate "2021.10.06"]
[SourceQuality "1"]

1. e4 d5 2. d4 Nf6 3. Nc3 g6 4. Be2 Bg7 5. Be3 0-0 6. Qd2 a6 7. Bh6 b5 8. Bxg7 Kxg7 9. a3 c5 10. f3 cxd4 11. Qxd4 Nc6 12. Qd2 Qd6 13. g4 Qd7 14. 0-0-0 1-0

[Event "Guarapari CEAX 4th"]
[Site "Guarapari"]
[Date "2011.07.17"]
[Round "5.2"]
[White "Melo Reda, Caique"]
[Black "Abelha, Mozart Rosa"]
[Result "1-0"]
[WhiteElo "1862"]
[BlackElo "2018"]
[PlyCount "111"]
[EventDate "2011.07.16"]
[EventType "swiss"]
[EventRounds "5"]
[EventCountry "BRA"]
[SourceTitle "EXT 2022"]
[Source "ChessBase"]
[SourceDate "2021.10.06"]
[SourceVersion "1"]
[SourceVersionDate "2021.10.06"]
[SourceQuality "1"]

1. e4 c5 2. Nf3 Nc6 3. d4 cxd4 4. Nxd4 g6 5. c4 Nf6 6. Nc3 d6 7. Be2 Nxd4 8. Qxd4 Bg7 9. Be3 0-0 10. Qd1 Be6 11. 0-0 Qa5 12. f3 Rfc8 13. Nd5 Bxd5 14. exd5 Nd7 15. Bd4 Ne5 16. f4 Nd7 17. Bxg7 Kxg7 18. Qd4+ Kg8 19. a3 Qc5 20. Qxc5 Nxc5 21. b4 Ne4 22. Rac1 a5 23. Bd3 Nd2 24. Rfd1 Nb3 25. Rb1 Nd4 26. bxa5 Rxa5 27. Rxb7 Rxa3 28. Rxe7 Nb3 29. Bf1 Nc5 30. Rde1 Kf8 31. h3 Rc3 32. Ra7 Re8 33. Rxe8+ Kxe8 34. Ra2 Rc1 35. Re2+ Kd7 36. Re3 Na4 37. Kf2 Nb2 38. Re1 Rc2+ 39. Re2 Nd1+ 40. Ke1 Rxe2+ 41. Kxe2 Nc3+ 42. Kd3 Na4 43. g4 Nc5+ 44. Kd4 Nb3+ 45. Kc3 Nc5 46. Bd3 Ke7 47. Bc2 h6 48. h4 Kf6 49. Kb4 g5 50. fxg5+ hxg5 51. h5 Nd7 52. Bf5 Ne5 53. c5 dxc5+ 54. Kxc5 Ke7 55. d6+ Kd8 56. Kd5 1-0

[Event "Santa Maria de Jetiba CEAX 2nd"]
[Site "Santa Maria de Jetiba"]
[Date "2011.04.17"]
[Round "5.2"]
[White "Abelha, Mozart Rosa"]
[Black "Stein, Adriano Baldo"]
[Result "1-0"]
[WhiteElo "2008"]
[BlackElo "1884"]
[PlyCount "37"]
[EventDate "2011.04.16"]
[EventType "swiss"]
[EventRounds "5"]
[EventCountry "BRA"]
[SourceTitle "EXT 2022"]
[Source "ChessBase"]
[SourceDate "2021.10.06"]
[SourceVersion "1"]
[SourceVersionDate "2021.10.06"]
[SourceQuality "1"]

1. e4 e5 2. Nf3 Nc6 3. Bb5 Nf6 4. 0-0 Nxe4 5. d4 Nd6 6. Bxc6 dxc6 7. dxe5 Nf5 8. Qxd8+ Kxd8 9. Nc3 h6 10. h3 Be6 11. g4 Ne7 12. Nd4 h5 13. Nxe6+ fxe6 14. Bg5 hxg4 15. hxg4 Ke8 16. Bxe7 Bxe7 17. Kg2 Kf7 18. Nd1 Rad8 19. Ne3 1-0

[Event "Vitoria Espirito Santo 2nd"]
[Site "Vitoria"]
[Date "2010.05.08"]
[Round "1.2"]
[White "Deolindo, Jose"]
[Black "Abelha, Mozart Rosa"]
[Result "0-1"]
[WhiteElo "1828"]
[BlackElo "1992"]
[PlyCount "56"]
[EventDate "2010.05.08"]
[EventType "swiss"]
[EventRounds "5"]
[EventCountry "BRA"]
[SourceTitle "EXT 2022"]
[Source "ChessBase"]
[SourceDate "2021.10.06"]
[SourceVersion "1"]
[SourceVersionDate "2021.10.06"]
[SourceQuality "1"]

1. e4 c5 2. Bc4 Nc6 3. Nf3 g6 4. c3 Bg7 5. d3 Na5 6. Be3 Nxc4 7. dxc4 d6 8. Nbd2 Bd7 9. 0-0 Qc7 10. Bf4 e5 11. Be3 Nf6 12. h3 Bc6 13. Qc2 0-0 14. Rfe1 Nh5 15. b4 b6 16. b5 Bd7 17. g4 Nf4 18. Bxf4 exf4 19. Qd3 Be6 20. Ng5 Qe7 21. h4 h6 22. Nxe6 fxe6 23. Rad1 Qf6 24. Kg2 Qxc3 25. Qxc3 Bxc3 26. Re2 Kf7 27. a4 Bf6 28. e5 dxe5 0-1

[Event "Estadual-ch 19th"]
[Site "Vitoria"]
[Date "2008.10.12"]
[Round "6"]
[White "Vieira, Paulo Cesar"]
[Black "Abelha, Mozart Rosa"]
[Result "1/2-1/2"]
[WhiteElo "2024"]
[BlackElo "2039"]
[PlyCount "110"]
[EventDate "2008.10.03"]
[EventType "swiss"]
[EventRounds "7"]
[EventCountry "BRA"]
[SourceTitle "EXT 2022"]
[Source "ChessBase"]
[SourceDate "2021.10.06"]
[SourceVersion "1"]
[SourceVersionDate "2021.10.06"]
[SourceQuality "1"]

1. e4 c5 2. Nc3 Nc6 3. g3 e6 4. Bg2 Nf6 5. d3 Be7 6. f4 d6 7. Nf3 a6 8. 0-0 Bd7 9. h3 Qc7 10. Be3 b5 11. Qd2 Rc8 12. Ne2 h6 13. g4 d5 14. e5 Nh7 15. c3 0-0 16. Rac1 f6 17. d4 fxe5 18. dxe5 Qd8 19. f5 exf5 20. Qxd5+ Kh8 21. Nf4 Be8 22. Rcd1 Qxd5 23. Rxd5 fxg4 24. hxg4 Ng5 25. Nh4 Kh7 26. Nf5 c4 27. Nxe7 Nxe7 28. Rd6 Ng6 29. Nxg6 Rxf1+ 30. Kxf1 Bxg6 31. Bxg5 hxg5 32. Rxa6 Re8 33. e6 Bd3+ 34. Kf2 Kg6 35. Ke3 Kf6 36. Bd5 Ke5 37. Bc6 Rxe6 38. Bxb5 Rf6 39. Ra7 Rf4 40. Rxg7 Rxg4 41. a4 Re4+ 42. Kf2 Re2+ 43. Kg3 Rxb2 44. Rxg5+ Kf6 45. Rc5 Rc2 46. a5 Rxc3 47. Kf4 Ra3 48. Rc6+ Ke7 49. a6 Ra5 50. Rc7+ Kd6 51. Rb7 Kc5 52. a7 Bf1 53. Kg3 Bd3 54. Kf4 Bf1 55. Kg3 Bd3 1/2-1/2

[Event "Estadual-ch 19th"]
[Site "Vitoria"]
[Date "2008.10.04"]
[Round "3"]
[White "Abelha, Mozart Rosa"]
[Black "Cunha e Silva, Carlos Alberto V"]
[Result "0-1"]
[WhiteElo "2039"]
[BlackElo "1960"]
[PlyCount "50"]
[EventDate "2008.10.03"]
[EventType "swiss"]
[EventRounds "7"]
[EventCountry "BRA"]
[SourceTitle "EXT 2022"]
[Source "ChessBase"]
[SourceDate "2021.10.06"]
[SourceVersion "1"]
[SourceVersionDate "2021.10.06"]
[SourceQuality "1"]

1. e4 c5 2. Nf3 e6 3. d4 cxd4 4. Nxd4 Nc6 5. Nxc6 bxc6 6. Nc3 Qc7 7. Bd3 d5 8. exd5 cxd5 9. 0-0 Nf6 10. h3 Be7 11. Qe2 0-0 12. Bg5 Bb7 13. Bh4 d4 14. Bxf6 Bxf6 15. Ne4 Be5 16. Rae1 Bf4 17. g3 Bh6 18. Qh5 f5 19. Ng5 Qc6 20. f3 Rf6 21. b3 Qd6 22. Kh2 Bd5 23. c4 dxc3 24. Bc4 Bxc4 25. bxc4 Qd2+ 0-1